| 000 | 01019nam0a22002771 4500 | ||
|---|---|---|---|
| 001 | rc\4613004 | ||
| 005 | 20250612132114.0 | ||
| 035 | _a(NLR Aleph) 008671261 | ||
| 090 |
_a9121599 _c9121599 |
||
| 100 | _a20130416d1934 |||y0rusy50 ca | ||
| 101 | 0 | _arus | |
| 102 | _aRU | ||
| 105 | _aa z ||||| | ||
| 200 | 1 | _aАльбом чертежей наглядных пособий | |
| 210 |
_aЛенинград _aМосква _cГосмашметиздат _d1934 _gтип. им. Бухарина в Л. |
||
| 215 |
_a6, [10] с., 1 вкл. л. черт. _cобл., черт. _d20х26 |
||
| 300 | _aПеред загл.: К.В. Мосолов | ||
| 606 |
_aМашиностроение _jНаглядные пособия _2psbo |
||
| 608 |
_aМашиностроительные чертежи _2psbo |
||
| 700 | 1 |
_aМосолов _bК.В. _gКонстантин Васильевич |
|
| 801 | 0 |
_aRU _bNLR _gpsbo |
|
| 801 | 1 |
_aRU _bELAR _2rusmarc |
|
| 852 |
_aNLR _j34-12/598 |
||
| 942 | _cBOOK | ||
| 980 | _aNB | ||